| 000 | 00996cab a2200361 4500 | ||
|---|---|---|---|
| 001 | ABS57583 | ||
| 008 | 090401t1997 xxu||||| |||| 00| 0 eng d | ||
| 035 | _a(Sirsi) u81150 | ||
| 041 | _aeng | ||
| 245 | _aRegional survey: Kent | ||
| 260 | _c1997 | ||
| 350 | _a0 | ||
| 490 |
_aProperty Week _v60(12) 19 September 1997, 38-62(11) |
||
| 650 | _aASHFORD | ||
| 650 | _aCANTERBURY | ||
| 650 | _aDARTFORD | ||
| 650 | _aFOLKESTONE | ||
| 650 | _aHOUSE BUILDING | ||
| 650 | _aINDUSTRIAL MARKET | ||
| 650 | _aKENT | ||
| 650 | _aM20 CORRIDOR | ||
| 650 | _aMAIDSTONE | ||
| 650 | _aMEDWAY TOWNS | ||
| 650 | _aPROPERTY-COMMERCIAL PROPERTY-OFFICE PROPERTY-OFFICE PROPERTY MARKET | ||
| 650 | _aPROPERTY-COMMERCIAL PROPERTY-RETAIL PROPERTY-RETAIL PROPERTY MARKET | ||
| 650 | _aSEVENOAKS | ||
| 650 | _aSITTINGBOURNE | ||
| 650 | _aTONBRIDGE | ||
| 650 | _aTUNBRIDGE WELLS | ||
| 690 | _aPROPERTY-COMMERCIAL PROPERTY-COMMERCIAL PROPERTY MARKET | ||
| 942 | _n0 | ||
| 948 | _c30/09/1997 | ||
| 999 |
_c51138 _d51138 |
||